Statistics for Popular Holidays

Click here to take the quiz!

General Stats

  • This quiz has been taken 29 times
    (24 since last reset)
  • The average score is 5 of 6

Answer Stats

HintAnswer% Correct
December 25thChristmas
100%
October 31stHalloween
100%
July 4thIndependence
Day
95%
February 14thValentines Day
95%
April 1stApril fools day
81%
March 17thSt Patricks Day
71%

Score Distribution

Percentile by Number Answered

Percent of People with Each Score

Your Score History

You have not taken this quiz since the last reset